| Tag |
First Indicator |
Second Indicator |
Subfields |
| LEADER |
00000cam a22000001a 4500 |
| 001 |
in00004100810 |
| 005 |
20200117091242.0 |
| 006 |
m d f |
| 007 |
cr bn mmmapmmp |
| 008 |
100719s2008 dcua ob f000 0 eng d |
| 035 |
|
|
|a chdc201001211
|
| 040 |
|
|
|a UMI
|c UMI
|d UtOrBLW
|
| 042 |
|
|
|a pcc
|
| 043 |
|
|
|a n-us---
|
| 074 |
|
|
|a 1038-A
|
| 086 |
0 |
|
|a Y 4.F 49:S.HRG.110-1022
|
| 110 |
1 |
|
|a United States.
|b Congress.
|b Senate.
|b Committee on Finance.
|0 http://id.loc.gov/authorities/names/n78088975
|
| 245 |
1 |
0 |
|a President's fiscal year 2009 budget proposal for the Department of Health and Human Services :
|b hearing before the Committee on Finance, United States Senate, One Hundred Tenth Congress, second session, February 6, 2008.
|
| 264 |
|
1 |
|a Washington :
|b U.S. G.P.O.,
|c 2008.
|
| 264 |
|
2 |
|a Washington :
|b For sale by the Supt. of Docs., U.S. G.P.O.
|
| 300 |
|
|
|a iii, 158 pages :
|b illustrations, digital, PDF file.
|
| 336 |
|
|
|a text
|b txt
|2 rdacontent
|
| 337 |
|
|
|a computer
|b c
|2 rdamedia
|
| 338 |
|
|
|a online resource
|b cr
|2 rdacarrier
|
| 490 |
1 |
|
|a S. hrg. ;
|v 110-1022
|
| 500 |
|
|
|a Shipping list number: 2010-0209-P.
|
| 504 |
|
|
|a Includes bibliographical references.
|
| 500 |
|
|
|a Record is based on bibliographic data in ProQuest Congressional Hearings Digital Collection. Reuse except for individual research requires license from ProQuest, LLC.
|
| 500 |
|
|
|a Electronic resource.
|
| 533 |
|
|
|a Electronic reproduction.
|b [Bethesda, Md.] :
|c ProQuest,
|d 2010.
|e digital, PDF file.
|n ProQuest U.S. Congressional Hearings Digital Collection.
|n Mode of access: World Wide Web via ProQuest website.
|
| 538 |
|
|
|a System requirements: PDF reader software.
|
| 610 |
1 |
0 |
|a United States.
|b Department of Health and Human Services
|x Appropriations and expenditures.
|
| 776 |
0 |
8 |
|i Print version:
|a United States. Congress. Senate. Committee on Finance.
|t President's fiscal year 2009 budget proposal for the Department of Health and Human Services
|w 9780160856051
|w 0160856051
|w (OCoLC)607526364
|z 2010443047
|
| 776 |
0 |
8 |
|i Microfiche version:
|a United States. Congress. Senate. Committee on Finance.
|t President's fiscal year 2009 budget proposal for the Department of Health and Human Services
|d [Bethesda, Md.] : ProQuest,[2010]
|o CIS 2010 S361-15
|w (ProQuest)cis01003091
|
| 810 |
1 |
|
|a United States.
|b Congress.
|b Senate.
|t S. hrg. ;
|v 110-1022.
|0 http://id.loc.gov/authorities/names/n83707917
|
| 856 |
4 |
0 |
|u http://proxy.library.tamu.edu/login?url=http://search.proquest.com/congcomp/getdoc?HEARING-ID=HRG-2008-FNS-0012
|y Electronic resource (PDF)
|t 0
|
| 998 |
|
|
|a cis01003091
|
| 999 |
f |
f |
|s a4eddb62-efb9-3671-93b7-57357573a05b
|i eb4b935f-1e03-3d80-8c54-d06feb927596
|t 0
|
| 952 |
f |
f |
|a Texas A&M University
|b College Station
|c Electronic Resources
|d Available Online
|t 0
|e Y 4.F 49:S.HRG.110-1022
|h Superintendent of Documents classification
|
| 998 |
f |
f |
|a Y 4.F 49:S.HRG.110-1022
|t 0
|l Available Online
|